000 00541nmm a2200157Ia 4500
008 251105s9999||||xx |||||||||||||||||und||
041 _aspa
100 _aOchoa de Eribe, Javier Esteban
245 0 _aDiscursos civilizadores : escritores, lectores y lecturas de textos en Euskera (c. 1767 - c. 1833)
264 _a[Madrid, España] :
_bSílex Ediciones,
_c2018
300 _a632 páginas
490 _aSílex Universidad
650 _aRomance language studies
856 _uhttps://public.digitaliapublishing.com/a/62986
942 _cCF
999 _c100654
_d100654